[Event "España ch 1ª Division Norte"]
[Site "Barcelona ESP"]
[Date "2005.08.14"]
[Round "6.8"]
[White "Aguera Naredo, Javier"]
[Black "Tattersall, Lester"]
[Result "1-0"]
[WhiteElo "2354"]
[BlackElo "2278"]
[PlyCount "79"]
[EventDate "2005.08.11"]
[EventType "team"]
[EventRounds "6"]
[EventCountry "ESP"]
[Source "lmi"]
[SourceDate "2005.08.14"]

1. e4 g6 2. d4 Bg7 3. Nf3 d6 4. Nc3 c6 5. a4 Nf6 6. Be2 O-O 7. O-O Nbd7 8. e5
Ne8 9. Bf4 dxe5 10. dxe5 Nc7 11. Re1 Ne6 12. Bg3 Nb6 13. a5 Nd5 14. Nxd5 Qxd5
15. Qxd5 cxd5 16. Bh4 g5 17. Nxg5 Nf4 18. Bd1 d4 19. Nf3 Ng6 20. Bg3 Rd8 21.
Ra4 f5 22. h3 Rd5 23. c3 Rb5 24. Rxd4 f4 25. Rd8+ Bf8 26. Bh2 Rxb2 27. Nd4 b6
28. Bf3 Rb8 29. Nc6 bxa5 30. Nxb8 Rxb8 31. Bg4 Bxg4 32. Rxb8 Be6 33. Re4 Kf7
34. Bxf4 Bd5 35. Rd4 Ke6 36. Rb5 Bg7 37. Rbxd5 Nxf4 38. Rxa5 Bxe5 39. Re4 Nd5
40. Rxe5+ 1-0

[Event "España ch 1ª Division Norte"]
[Site "Barcelona ESP"]
[Date "2005.08.14"]
[Round "6.8"]
[White "Ceñal Gutierrez, Ruben"]
[Black "Ferrer Roig, Juan"]
[Result "1-0"]
[WhiteElo "2248"]
[BlackElo "2135"]
[PlyCount "67"]
[EventDate "2005.08.11"]
[EventType "team"]
[EventRounds "6"]
[EventCountry "ESP"]
[Source "lmi"]
[SourceDate "2005.08.14"]

1. e4 e6 2. d4 d5 3. Nc3 Nf6 4. Bg5 Be7 5. e5 Nfd7 6. Bxe7 Qxe7 7. f4 a6 8. Nf3
c5 9. Qd2 Nc6 10. O-O-O b5 11. dxc5 Qxc5 12. Nd4 Nxd4 13. Qxd4 Qxd4 14. Rxd4
O-O 15. a4 bxa4 16. Nxa4 a5 17. Kd2 Ba6 18. Bxa6 Rxa6 19. Re1 Rc8 20. b3 Rac6
21. c3 Nb8 22. Rc1 Na6 23. Kc2 Rb8 24. Kb2 Rb7 25. Ka3 h6 26. Rd3 Rcb6 27. c4
dxc4 28. Rxc4 Rb5 29. g3 Kh7 30. Rcc3 Rb8 31. Rd6 Nb4 32. Rc5 Rxc5 33. Nxc5 Rc8
34. Na6 1-0

[Event "España ch 1ª Division Norte"]
[Site "Barcelona ESP"]
[Date "2005.08.14"]
[Round "6.8"]
[White "Segura Ariza, Jose Luis"]
[Black "Guerrero Olmos, Sergio"]
[Result "1/2-1/2"]
[WhiteElo "2204"]
[BlackElo "2279"]
[PlyCount "118"]
[EventDate "2005.08.11"]
[EventType "team"]
[EventRounds "6"]
[EventCountry "ESP"]
[Source "lmi"]
[SourceDate "2005.08.14"]

1. d4 Nf6 2. c4 e5 3. dxe5 Ng4 4. Bf4 Nc6 5. Nf3 Bb4+ 6. Nbd2 Qe7 7. e3 Ngxe5
8. Nxe5 Nxe5 9. Be2 O-O 10. O-O Bxd2 11. Qxd2 d6 12. Qc3 Bd7 13. c5 Bc6 14.
Rfd1 Rfd8 15. Rd2 f6 16. cxd6 Rxd6 17. Rxd6 cxd6 18. Rd1 Rd8 19. Qa5 b6 20. Qc3
Be8 21. Rc1 Bf7 22. a4 Be6 23. Ba6 Qf7 24. f3 h5 25. Qc7 Qxc7 26. Rxc7 Rd7 27.
Rc3 Kf7 28. e4 g5 29. Be3 d5 30. exd5 Rxd5 31. Kf2 Ke7 32. b4 Bf5 33. Bb7 Rd3
34. Rc7+ Kd6 35. Rg7 Rb3 36. Ba6 Rb2+ 37. Kg1 Bd3 38. Bxd3 Nxd3 39. h4 gxh4 40.
b5 Re2 41. Bd4 Nf4 42. Bxf6 Ra2 43. Bxh4 Ke6 44. Re7+ Kd5 45. g3 Ra1+ 46. Kf2
Ra2+ 47. Kf1 Ra1+ 48. Kf2 Ra2+ 49. Kf1 Ra1+ 50. Re1 Rxe1+ 51. Kxe1 Nd3+ 52. Kd2
Nc5 53. g4 hxg4 54. fxg4 Ke4 55. Bg3 Kf3 56. Bb8 a6 57. bxa6 Nxa6 58. Bd6 Kxg4
59. Kc3 Kf5 1/2-1/2

[Event "España ch 1ª Division Norte"]
[Site "Barcelona ESP"]
[Date "2005.08.14"]
[Round "6.9"]
[White "Lopez Abad, Sixte"]
[Black "Veiga Goy, Jose Luis"]
[Result "0-1"]
[WhiteElo "2043"]
[BlackElo "2192"]
[PlyCount "64"]
[EventDate "2005.08.11"]
[EventType "team"]
[EventRounds "6"]
[EventCountry "ESP"]
[Source "lmi"]
[SourceDate "2005.08.14"]

1. e4 c5 2. Nc3 Nc6 3. g3 a6 4. Bg2 b5 5. d3 b4 6. Nce2 e6 7. b3 Nf6 8. Bb2 Be7
9. e5 Ng8 10. Nf3 Bb7 11. O-O Qc7 12. Nf4 h5 13. h4 g6 14. Re1 Nh6 15. Nd2 Nf5
16. Nc4 Ncd4 17. Be4 Rg8 18. c3 g5 19. Nxh5 bxc3 20. Bxc3 gxh4 21. Ba5 Qb8 22.
g4 h3 23. Kh1 d5 24. exd6 Bxe4+ 25. Rxe4 Nxd6 26. Nxd6+ Qxd6 27. g5 Qc6 28. f3
f5 29. Rxd4 cxd4 30. Rc1 Qd5 31. Nf4 Qe5 32. Bc7 Qe3 0-1

[Event "España ch 1ª Division Norte"]
[Site "Barcelona ESP"]
[Date "2005.08.14"]
[Round "6.9"]
[White "Montell Lorenzo, Joan Carles"]
[Black "Paredes Galan, Angel"]
[Result "1/2-1/2"]
[WhiteElo "2322"]
[BlackElo "2334"]
[PlyCount "120"]
[EventDate "2005.08.11"]
[EventType "team"]
[EventRounds "6"]
[EventCountry "ESP"]
[Source "lmi"]
[SourceDate "2005.08.14"]

1. e4 e6 2. Nf3 c5 3. d4 cxd4 4. Nxd4 Nf6 5. Nc3 Nc6 6. Ndb5 Bc5 7. Bf4 O-O 8.
e5 Ne8 9. Ne4 Be7 10. Qd2 a6 11. Nbd6 f5 12. exf6 Nxf6 13. Nxf6+ Rxf6 14. Bg5
Rf8 15. Be3 b5 16. O-O-O Ne5 17. Qb4 Nf7 18. Qe4 Nxd6 19. Qxa8 Qa5 20. Kb1 Bb7
21. Qa7 Bd5 22. a3 Ne4 23. Rxd5 exd5 24. Qxd7 Qd8 25. Qxd8 Rxd8 26. f3 d4 27.
Bc1 Nf2 28. Rg1 Bc5 29. b4 Bb6 30. Bd3 Re8 31. Bf4 Nxd3 32. cxd3 Re2 33. Rc1
Kf7 34. Rc6 Bd8 35. Rxa6 Rxg2 36. Ra7+ Ke6 37. Rb7 Rf2 38. Rxb5 Rxf3 39. Bg3
Rxd3 40. a4 Bf6 41. a5 Ra3 42. Kb2 Rf3 43. Rb6+ Kd5 44. a6 d3+ 45. Kb3 Bd4 46.
a7 d2+ 47. Kc2 Ra3 48. Rd6+ Kc4 49. Kxd2 Bc3+ 50. Ke2 Rxa7 51. Rc6+ Kxb4 52.
Rc7 Ra6 53. Kd3 Bf6 54. Ke4 Re6+ 55. Kf5 Re2 56. Rc6 Bd4 57. Rc7 Kb5 58. Bf4
Bf6 59. Bg3 Rg2 60. Ke4 h5 1/2-1/2

[Event "España ch 1ª Division Norte"]
[Site "Barcelona ESP"]
[Date "2005.08.14"]
[Round "6.9"]
[White "Sanchez Aller, Fernando"]
[Black "Herrero Sabartes, Joan"]
[Result "0-1"]
[WhiteElo "2261"]
[BlackElo "2303"]
[PlyCount "128"]
[EventDate "2005.08.11"]
[EventType "team"]
[EventRounds "6"]
[EventCountry "ESP"]
[Source "lmi"]
[SourceDate "2005.08.14"]

1. e4 d6 2. d4 Nf6 3. Nc3 g6 4. Nf3 Bg7 5. Bf4 c6 6. Qd2 b5 7. Bd3 Bg4 8. O-O-O
d5 9. e5 Nh5 10. Bh6 Bxf3 11. gxf3 Nd7 12. Ne2 Qb6 13. Ng3 Bxh6 14. Qxh6 Nxg3
15. hxg3 O-O-O 16. Qe3 Qa5 17. Kb1 Nb6 18. Qe1 Qxe1 19. Rdxe1 h5 20. Rh4 g5 21.
Rh3 Rh6 22. Reh1 Rdh8 23. Bf5+ Kd8 24. f4 gxf4 25. g4 h4 26. Rf3 h3 27. g5 Rh5
28. Rfxh3 Rxh3 29. Rxh3 Rxh3 30. Bxh3 Ke8 31. Kc1 Kf8 32. b3 Kg7 33. Bf5 Na8
34. Kd2 Nc7 35. Ke2 b4 36. Bd7 Kg6 37. Bxc6 Kxg5 38. Bd7 e6 39. Kf3 Kf5 40. Bc6
a6 41. Bb7 Nb5 42. Ke2 Ke4 43. Bxa6 Nc3+ 44. Kd2 Nxa2 45. Bb5 Kxd4 46. Be8 Kxe5
47. Bxf7 Nc3 48. f3 Kd6 49. Kd3 e5 50. Bg6 Kc5 51. Bh7 Nb5 52. Bg6 Nd4 53. Bh5
Ne6 54. c3 Ng5 55. Bg4 e4+ 56. fxe4 dxe4+ 57. Kd2 Nf7 58. cxb4+ Kxb4 59. Ke2
Ng5 60. Bf5 e3 61. Bg4 Kxb3 62. Kd3 Kb4 63. Kc2 Kb5 64. Be2+ Kc6 0-1

[Event "España ch 1ª Division Norte"]
[Site "Barcelona ESP"]
[Date "2005.08.14"]
[Round "6.10"]
[White "Basto Auzmendi, Mario"]
[Black "Paredes Cordo, Jacobo Borja"]
[Result "0-1"]
[WhiteElo "2132"]
[BlackElo "2173"]
[PlyCount "60"]
[EventDate "2005.08.11"]
[EventType "team"]
[EventRounds "6"]
[EventCountry "ESP"]
[Source "lmi"]
[SourceDate "2005.08.14"]

1. e4 c5 2. c3 e6 3. d4 d5 4. e5 Qb6 5. Nf3 Nc6 6. Bd3 cxd4 7. cxd4 Bd7 8. O-O
Nxd4 9. Nxd4 Qxd4 10. Qe2 a6 11. Nc3 Qa7 12. Kh1 Bc5 13. f4 Ne7 14. f5 exf5 15.
Bg5 Be6 16. Rac1 Nc6 17. Bxf5 Bxf5 18. Rxf5 Nd4 19. Qd3 Nxf5 20. Qxf5 b6 21.
Nxd5 a5 22. Rd1 Rb8 23. e6 f6 24. Bxf6 O-O 25. e7 Rf7 26. Qe6 Re8 27. Rd3 Qa6
28. Rf3 Qc8 29. Qe4 Bxe7 30. Rh3 Qc1+ 0-1

[Event "España ch 1ª Division Norte"]
[Site "Barcelona ESP"]
[Date "2005.08.14"]
[Round "6.10"]
[White "Espiñeira Gonzalez, Diego"]
[Black "Rodriguez Balzategui, Cesar"]
[Result "1-0"]
[WhiteElo "2310"]
[BlackElo "2210"]
[PlyCount "105"]
[EventDate "2005.08.11"]
[EventType "team"]
[EventRounds "6"]
[EventCountry "ESP"]
[Source "lmi"]
[SourceDate "2005.08.14"]

1. e4 d6 2. d4 Nf6 3. Nc3 g6 4. f4 Bg7 5. Nf3 O-O 6. Bd3 Na6 7. O-O c5 8. d5
Bg4 9. Qe1 Nc7 10. a4 a6 11. a5 Rb8 12. Qh4 Bxf3 13. Rxf3 e6 14. dxe6 Nxe6 15.
g4 h5 16. g5 Nd4 17. Rf1 Nd7 18. Nd5 c4 19. Bxc4 Nxc2 20. Ra2 b5 21. Bd3 Nd4
22. b4 Rc8 23. Bb2 Re8 24. Qf2 Ne6 25. h4 Nc7 26. Bxg7 Kxg7 27. Qd4+ Kg8 28. f5
Ne5 29. Nf6+ Kg7 30. Nxe8+ Nxe8 31. fxg6 fxg6 32. Raf2 Qd7 33. Rf7+ Qxf7 34.
Rxf7+ Kxf7 35. Qa7+ Rc7 36. Qxa6 Nxd3 37. Qxb5 Rc1+ 38. Kg2 Rc2+ 39. Kf1 Rf2+
40. Kg1 Rd2 41. a6 Ne5 42. Kf1 Nf3 43. Qc4+ d5 44. Qc3 dxe4 45. Qc4+ Kf8 46.
Qxe4 Nh2+ 47. Ke1 Rd4 48. Qb7 Nd6 49. Qb8+ Ke7 50. a7 Rc4 51. Kd1 Nf3 52. a8=Q
Rd4+ 53. Kc2 1-0

[Event "España ch 1ª Division Norte"]
[Site "Barcelona ESP"]
[Date "2005.08.14"]
[Round "6.10"]
[White "Espiñeira Gonzalez, Pablo"]
[Black "Ingunza Lopez, Txema"]
[Result "1-0"]
[WhiteElo "2148"]
[BlackElo "2047"]
[PlyCount "47"]
[EventDate "2005.08.11"]
[EventType "team"]
[EventRounds "6"]
[EventCountry "ESP"]
[Source "lmi"]
[SourceDate "2005.08.14"]

1. c4 Nf6 2. Nc3 e6 3. e4 c5 4. e5 Ng8 5. Nf3 Nc6 6. Be2 Qc7 7. d4 cxd4 8. Nb5
Qb8 9. O-O a6 10. Nbxd4 Nxe5 11. Nxe5 Qxe5 12. Nf3 Qc7 13. Qd4 Nf6 14. Bf4 d6
15. Rad1 e5 16. Nxe5 dxe5 17. Bxe5 Qe7 18. Bf3 Be6 19. Rfe1 Rd8 20. Qa7 Nd7 21.
Bc7 Rc8 22. Qxb7 Rxc7 23. Qxc7 Qc5 24. Qxd7# 1-0

[Event "España ch 1ª Division Norte"]
[Site "Barcelona ESP"]
[Date "2005.08.14"]
[Round "6.10"]
[White "Zubimendi Her, Julian"]
[Black "Rodriguez Calvo, Manoel"]
[Result "0-1"]
[WhiteElo "1990"]
[BlackElo "2119"]
[PlyCount "68"]
[EventDate "2005.08.11"]
[EventType "team"]
[EventRounds "6"]
[EventCountry "ESP"]
[Source "lmi"]
[SourceDate "2005.08.14"]

1. e4 c5 2. Nf3 d6 3. d4 cxd4 4. Nxd4 Nf6 5. Nc3 g6 6. f4 Nc6 7. Be3 Bg7 8. Nb3
Ng4 9. Bg1 O-O 10. Be2 Nf6 11. Be3 Be6 12. O-O Na5 13. e5 Ne8 14. Ne4 Nc4 15.
Bxc4 Bxc4 16. Rf2 dxe5 17. Rd2 Qc8 18. fxe5 Qf5 19. Nec5 Bxb3 20. axb3 Qxe5 21.
Bd4 Qf4 22. Nxb7 Bxd4+ 23. Rxd4 Qe3+ 24. Kh1 e5 25. Rc4 Nf6 26. Nc5 Rfd8 27.
Qf1 Nd5 28. Rd1 Qg5 29. Ne4 Qe7 30. g4 f6 31. Rc5 Kg7 32. Qc4 Nb6 33. Rc7 Rd7
34. Rdxd7 Nxd7 0-1

[Event "España ch 1ª Division Norte"]
[Site "Barcelona ESP"]
[Date "2005.08.14"]
[Round "6.11"]
[White "Cortes Lizano, Jesus"]
[Black "Blazquez Gomez, Jose Maria"]
[Result "1-0"]
[WhiteElo "2120"]
[BlackElo "1989"]
[PlyCount "131"]
[EventDate "2005.08.11"]
[EventType "team"]
[EventRounds "6"]
[EventCountry "ESP"]
[Source "lmi"]
[SourceDate "2005.08.14"]

1. c4 e5 2. g3 Nf6 3. Bg2 c6 4. d4 exd4 5. Qxd4 Bb4+ 6. Bd2 Bxd2+ 7. Nxd2 O-O
8. e3 Na6 9. Ne2 Nc7 10. Nc3 d5 11. cxd5 Ncxd5 12. Nxd5 Nxd5 13. Bxd5 Qxd5 14.
Qxd5 cxd5 15. Nb3 Bg4 16. Nd4 Rac8 17. Kd2 Rc4 18. b3 Rc5 19. Rac1 Rfc8 20.
Rxc5 Rxc5 21. Rc1 Rxc1 22. Kxc1 Bd7 23. b4 Kf8 24. Kc2 Ke7 25. Kd3 Kd6 26. f3
b6 27. Kc3 f6 28. Ne2 Bb5 29. Nf4 Ke5 30. Ng2 Be2 31. Ne1 f5 32. a3 g6 33. Kd2
Bb5 34. Nc2 Ba4 35. Nd4 a6 36. Kd3 Bd7 37. f4+ Kd6 38. Nf3 h6 39. Kd4 h5 40.
Ne5 Be8 41. h3 Ke6 42. Nf3 Bb5 43. Kc3 Be8 44. Nd4+ Kd6 45. Kb3 Bd7 46. Kc3 Be8
47. Ne2 Bb5 48. Ng1 Bc6 49. Kd4 Bb5 50. Nf3 Be8 51. Nd2 Bb5 52. Nb1 Bd7 53. Nc3
Bc6 54. a4 a5 55. b5 Bb7 56. Ne2 Bc8 57. Ng1 Be6 58. Nf3 Bg8 59. Ne5 Bh7 60.
Nf7+ Ke7 61. Kxd5 Bg8 62. Kc6 Bxf7 63. Kxb6 Kd6 64. Kxa5 Kc7 65. Ka6 Bc4 66.
Ka7 1-0

[Event "España ch 1ª Division Norte"]
[Site "Barcelona ESP"]
[Date "2005.08.14"]
[Round "6.11"]
[White "Glavina, Pablo"]
[Black "Blazquez Gomez, Miguel"]
[Result "1-0"]
[WhiteElo "2440"]
[BlackElo "2083"]
[PlyCount "69"]
[EventDate "2005.08.11"]
[EventType "team"]
[EventRounds "6"]
[EventCountry "ESP"]
[Source "lmi"]
[SourceDate "2005.08.14"]

1. e4 e5 2. Bc4 d6 3. Nc3 c6 4. f4 b5 5. Bb3 b4 6. Nce2 Nf6 7. d3 Be7 8. Nf3
Nbd7 9. Be3 O-O 10. h3 Qc7 11. O-O a5 12. a4 bxa3 13. bxa3 a4 14. Ba2 Nh5 15.
f5 Ra5 16. g4 Nhf6 17. Ng3 Kh8 18. g5 Ng8 19. Nh4 d5 20. Bd2 Bxa3 21. Qh5 Ngf6
22. Qe2 Bb2 23. Rab1 a3 24. Bxa5 Qxa5 25. Kg2 Ba6 26. Nf3 Qc3 27. Rf2 Bb5 28.
Qe1 Qc5 29. c4 dxc4 30. dxc4 Ba4 31. Rbxb2 axb2 32. Rxb2 Rd8 33. Qb4 Qxb4 34.
Rxb4 Bd1 35. Nxe5 1-0

[Event "España ch 1ª Division Norte"]
[Site "Barcelona ESP"]
[Date "2005.08.14"]
[Round "6.11"]
[White "Martinez Perez, Jorge"]
[Black "Gomez Anadon, Daniel"]
[Result "0-1"]
[WhiteElo "2030"]
[BlackElo "2315"]
[PlyCount "52"]
[EventDate "2005.08.11"]
[EventType "team"]
[EventRounds "6"]
[EventCountry "ESP"]
[Source "lmi"]
[SourceDate "2005.08.14"]

1. Nf3 Nf6 2. b3 g6 3. Bb2 Bg7 4. e3 c5 5. Be2 O-O 6. O-O Nc6 7. d3 d6 8. Nbd2
e5 9. a4 b6 10. Nc4 Ne8 11. e4 f5 12. Ne3 Nf6 13. Nd2 Ne7 14. exf5 gxf5 15. Bf3
Rb8 16. Nec4 Ng6 17. Re1 Qc7 18. Nf1 Re8 19. Nfe3 Be6 20. Qd2 Rbd8 21. Nd1 Bc8
22. Qg5 Kf7 23. Bh5 Ng8 24. Nde3 N8e7 25. f4 h6 26. Nd5 Qb7 0-1

[Event "España ch 1ª Division Norte"]
[Site "Barcelona ESP"]
[Date "2005.08.14"]
[Round "6.12"]
[White "Chalmeta Ugas, Jordi"]
[Black "Limeres Guiance, Cristobal"]
[Result "1-0"]
[WhiteElo "2076"]
[BlackElo "2272"]
[PlyCount "69"]
[EventDate "2005.08.11"]
[EventType "team"]
[EventRounds "6"]
[EventCountry "ESP"]
[Source "lmi"]
[SourceDate "2005.08.14"]

1. d4 e6 2. c4 f5 3. Nf3 Nf6 4. g3 Bb4+ 5. Bd2 Bxd2+ 6. Nbxd2 O-O 7. Bg2 d6 8.
O-O Nc6 9. Qc2 e5 10. dxe5 dxe5 11. Rfd1 Qe7 12. e3 e4 13. Nd4 Ne5 14. a3 c5
15. Ne2 Be6 16. b3 Bf7 17. Nb1 Bh5 18. Nbc3 Qf7 19. Rd6 Rad8 20. Rxd8 Rxd8 21.
Nf4 Bf3 22. Ncd5 Nxd5 23. Nxd5 b5 24. Qc3 bxc4 25. bxc4 Nxc4 26. Nf4 g5 27.
Bxf3 exf3 28. Nd3 Qd5 29. Qf6 Qxd3 30. Qe6+ Kg7 31. Qe7+ Kg6 32. Qe6+ Kg7 33.
Qe7+ Kh6 34. Qf6+ Kh5 35. Qf7+ 1-0

[Event "España ch 1ª Division Norte"]
[Site "Barcelona ESP"]
[Date "2005.08.14"]
[Round "6.12"]
[White "Iglesias Ojeda, Fernando"]
[Black "Fernandez de Betoño, Carlos"]
[Result "1-0"]
[WhiteElo "2041"]
[BlackElo "2004"]
[PlyCount "27"]
[EventDate "2005.08.11"]
[EventType "team"]
[EventRounds "6"]
[EventCountry "ESP"]
[Source "lmi"]
[SourceDate "2005.08.14"]

1. e4 c6 2. d4 d5 3. Nc3 dxe4 4. Bc4 Nf6 5. f3 g6 6. fxe4 e5 7. Nf3 Bg4 8.
Bxf7+ Kxf7 9. Nxe5+ Kg7 10. Nxg4 Nxg4 11. Qxg4 Qxd4 12. Bd2 Nd7 13. O-O-O Ne5
14. Bh6+ 1-0

[Event "España ch 1ª Division Norte"]
[Site "Barcelona ESP"]
[Date "2005.08.14"]
[Round "6.12"]
[White "Munita Loinaz, Jose Antonio"]
[Black "Prats Rodriguez, Joan Bosco"]
[Result "0-1"]
[WhiteElo "1994"]
[BlackElo "2070"]
[PlyCount "74"]
[EventDate "2005.08.11"]
[EventType "team"]
[EventRounds "6"]
[EventCountry "ESP"]
[Source "lmi"]
[SourceDate "2005.08.14"]

1. e4 d6 2. d4 Nf6 3. Nc3 g6 4. h4 Bg7 5. f3 c6 6. Be3 b5 7. a3 a6 8. Qd2 Nbd7
9. O-O-O Nb6 10. Bh6 Bxh6 11. Qxh6 Qc7 12. Nh3 Bxh3 13. Rxh3 O-O-O 14. g4 e5
15. Qe3 Kb7 16. Rh2 exd4 17. Qxd4 d5 18. Rhd2 Qe7 19. g5 Nh5 20. exd5 cxd5 21.
f4 Ng3 22. Bg2 Nf5 23. Qf2 Qe3 24. Re1 Qxf2 25. Rxf2 Kc7 26. Rd2 d4 27. Nd1
Rhe8 28. Rxe8 Rxe8 29. Bh3 Nxh4 30. Rxd4 Re1 31. b3 Nf3 32. Rd3 Ng1 33. Bg4 Rf1
34. Rg3 Nd5 35. Kd2 Nxf4 36. Ke3 Kd6 37. Rxg1 Nd5+ 0-1

[Event "España ch 1ª Division Norte"]
[Site "Barcelona ESP"]
[Date "2005.08.14"]
[Round "6.12"]
[White "Ruiz Gomez, Alejandro"]
[Black "Lopez Roca, Xavier"]
[Result "1-0"]
[WhiteElo "2333"]
[BlackElo "2098"]
[PlyCount "85"]
[EventDate "2005.08.11"]
[EventType "team"]
[EventRounds "6"]
[EventCountry "ESP"]
[Source "lmi"]
[SourceDate "2005.08.14"]

1. Nf3 Nf6 2. c4 e6 3. g3 d5 4. Bg2 Be7 5. O-O O-O 6. b3 b6 7. Bb2 Bb7 8. e3
Nbd7 9. Qe2 Re8 10. Nc3 Bf8 11. d4 a6 12. Rad1 Qe7 13. Ne5 Rad8 14. f4 Ne4 15.
Nxe4 dxe4 16. g4 Qh4 17. Bc3 Qe7 18. Qc2 Nxe5 19. fxe5 Qg5 20. Rf4 c5 21. Rdf1
Rd7 22. Bxe4 Bxe4 23. Qxe4 Qg6 24. Qxg6 hxg6 25. Ba1 Red8 26. g5 cxd4 27. exd4
a5 28. a4 Bb4 29. Kf2 Bd2 30. Rg4 Kf8 31. Ke2 Bb4 32. Rgf4 Re7 33. Rh4 Ke8 34.
Rhf4 Rc8 35. Kd3 Rd8 36. Bb2 Red7 37. R4f3 Re7 38. Rh3 Rc8 39. Rh7 Kd7 40. Ke4
b5 41. axb5 a4 42. bxa4 Rxc4 43. Kd3 1-0

[Event "España ch 1ª Division Norte"]
[Site "Barcelona ESP"]
[Date "2005.08.14"]
[Round "6.13"]
[White "Diaz Sanchez, Jose Francisco"]
[Black "Menendez Rey, Javier"]
[Result "0-1"]
[WhiteElo "2019"]
[BlackElo "2218"]
[PlyCount "44"]
[EventDate "2005.08.11"]
[EventType "team"]
[EventRounds "6"]
[EventCountry "ESP"]
[Source "lmi"]
[SourceDate "2005.08.14"]

1. e4 e6 2. d4 d5 3. exd5 exd5 4. Bd3 c5 5. dxc5 Bxc5 6. h3 Nf6 7. Nf3 O-O 8.
O-O Ne4 9. c3 Nc6 10. Nbd2 f5 11. Nb3 Bb6 12. Bf4 g5 13. Bxe4 fxe4 14. Bxg5 Qd6
15. Nfd4 Bc7 16. g3 Qg6 17. Bh4 Bxh3 18. Nb5 Bb6 19. Qxd5+ Kh8 20. N5d4 Rae8
21. Rfe1 Re5 22. Qc4 Rh5 0-1

[Event "España ch 1ª Division Norte"]
[Site "Barcelona ESP"]
[Date "2005.08.14"]
[Round "6.13"]
[White "Garcia Gomez, Jose Manuel"]
[Black "Iglesias Leon, Francisco J"]
[Result "0-1"]
[WhiteElo "1781"]
[BlackElo "2131"]
[PlyCount "63"]
[EventDate "2005.08.11"]
[EventType "team"]
[EventRounds "6"]
[EventCountry "ESP"]
[Source "lmi"]
[SourceDate "2005.08.14"]

1. d4 Nf6 2. c4 c5 3. d5 b5 4. b3 g6 5. Bb2 Bg7 6. Nf3 O-O 7. Nbd2 Qa5 8. Qc2
Na6 9. a3 bxc4 10. bxc4 d6 11. Bc3 Qd8 12. e4 Rb8 13. Bd3 Nh5 14. Bxg7 Kxg7 15.
Qc3+ Kg8 16. g3 Bh3 17. Ng5 Qd7 18. f4 h6 19. Nxh3 Qxh3 20. Bf1 Qd7 21. Bg2 Rb6
22. O-O Rfb8 23. Rfb1 Qa4 24. Qd3 Rb2 25. Bf3 Qc2 26. Qxc2 Rxc2 27. Rxb8+ Nxb8
28. Rb1 Nd7 29. Rb7 Nhf6 30. e5 dxe5 31. fxe5 Nxd5 32. Rxd7 0-1

[Event "España ch 1ª Division Norte"]
[Site "Barcelona ESP"]
[Date "2005.08.14"]
[Round "6.13"]
[White "Garcia Gonzalez, Fernando"]
[Black "Fernandez Molina, Victor Manuel"]
[Result "1-0"]
[WhiteElo "2159"]
[BlackElo "1794"]
[PlyCount "77"]
[EventDate "2005.08.11"]
[EventType "team"]
[EventRounds "6"]
[EventCountry "ESP"]
[Source "lmi"]
[SourceDate "2005.08.14"]

1. d4 Nf6 2. Nf3 d5 3. Bg5 e6 4. Nbd2 Nbd7 5. e3 b6 6. Ne5 Bb7 7. Bd3 Be7 8.
Qe2 c5 9. c3 O-O 10. f4 Ne4 11. Bxe7 Qxe7 12. O-O f6 13. Nxd7 Qxd7 14. Nf3 cxd4
15. cxd4 Rac8 16. Rac1 Rc7 17. Rxc7 Qxc7 18. g4 Qd7 19. g5 fxg5 20. Bxe4 dxe4
21. Nxg5 h6 22. Nh3 e5 23. fxe5 Rf3 24. Nf4 Qg4+ 25. Kh1 Kh7 26. Rg1 Qf5 27.
Qg2 g5 28. e6 Rxe3 29. e7 Qf7 30. Qg4 Bc6 31. d5 Be8 32. Ng2 Qf3 33. Qc8 Re2
34. Qxe8 Rxg2 35. Qf8 Rxg1+ 36. Kxg1 Qd1+ 37. Qf1 Qg4+ 38. Kh1 Qh5 39. Qf5+ 1-0